000 00449nam a2200193Ia 4500
008 210210b1908 xxu||||| |||| 00| 0 eng d
041 _aeng
082 _a516/21
100 _aFERRY (E S)
245 _aBrief course in elementary dynamics
260 _aNew York
_bThe Macmillan Company
_c1908
650 _ain
650 _aelementary
650 _adynamics
650 _acourse
650 _aBrief
690 _astatics
906 _a007738
999 _c140356
_d140356